[Event "Euro Online U2300 Day 2"]
[Site "chess.com INT"]
[Date "2020.05.26"]
[Round "1"]
[White "Miletic, Vuk"]
[Black "Abdrlauf, Elham"]
[Result "0-1"]
[BlackTitle "FM"]
[WhiteElo "2159"]
[BlackElo "2362"]
[WhiteFideId "16503406"]
[BlackFideId "1533533"]
[EventDate "2020.05.26"]

1. d4 Nf6 2. c4 e6 3. Nf3 d5 4. Nc3 Nbd7 5. cxd5 exd5 6. Bg5 c6 7. e3 Bd6 8. Bd3
O-O 9. Qc2 h6 10. Bh4 Re8 11. O-O Nf8 12. a3 Bg4 13. Nd2 Rc8 14. b4 Bd7 15. Bf5
Bxf5 16. Qxf5 Qd7 17. Qf3 N8h7 18. e4 dxe4 19. Ndxe4 Nxe4 20. Nxe4 Be7 21. Bxe7
Qxe7 22. Nc3 Rcd8 23. Rad1 Ng5 24. Qf5 Qe6 25. Qxe6 fxe6 26. f4 Nf7 27. f5 exf5
28. Rxf5 Nd6 29. Re5 Nc4 30. Rxe8+ Rxe8 31. d5 cxd5 32. Nxd5 Nxa3 33. Nc3 Rc8
34. Ne4 Rc4 35. Nd6 Rxb4 36. Ra1 Rb1+ 37. Rxb1 Nxb1 38. Nxb7 Kf7 39. Kf2 Ke6 40.
Ke3 Nc3 41. Kd4 Ne2+ 42. Ke4 Kf6 43. h4 Ng3+ 44. Kf4 Nf5 45. h5 Nd4 46. g4 Nc6
47. Nc5 a5 48. Ne4+ Kf7 49. g5 a4 50. gxh6 gxh6 51. Kf5 a3 52. Nc3 Nb4 53. Ke5
a2 0-1

[Event "Euro Online U2300 Day 2"]
[Site "chess.com INT"]
[Date "2020.05.26"]
[Round "1"]
[White "Haring, Viktor"]
[Black "Luczak, Filip"]
[Result "1/2-1/2"]
[WhiteTitle "FM"]
[BlackTitle "CM"]
[WhiteElo "2298"]
[BlackElo "2240"]
[WhiteFideId "14919400"]
[BlackFideId "1193686"]
[EventDate "2020.05.26"]

1. e4 c5 2. Nf3 Nc6 3. d4 cxd4 4. Nxd4 e5 5. Nb5 d6 6. N1c3 a6 7. Na3 Be7 8. Nc4
b5 9. Ne3 Nf6 10. a4 b4 11. Ncd5 Nxe4 12. Bc4 Be6 13. Nxe7 Nxe7 14. Bxe6 fxe6
15. Qg4 Nc5 16. Qxg7 Ng6 17. Ng4 Qe7 18. Qh6 Qh4 19. Qxh4 Nxh4 20. Bg5 Nxg2+ 21.
Kf1 Nf4 22. Rd1 Nd5 23. h4 Ne4 24. Kg2 Rg8 25. f3 Nxg5 26. hxg5 Rxg5 27. Rxh7
O-O-O 28. Re1 Nf6 29. Rh4 Nxg4 30. fxg4 Kb7 31. Re4 a5 32. Rh7+ Kb6 33. Re7 Rg6
34. Kg3 Rc8 35. Rd7 d5 36. Rxe5 Rxc2 37. Rd6+ Kc5 38. Rexe6 Rxe6 39. Rxe6 Rxb2
40. g5 Rb1 41. Ra6 Rg1+ 42. Kf4 b3 43. Rxa5+ Kb4 44. Rxd5 Kxa4 45. Rd8 b2 46.
Rb8 b1=Q 47. Rxb1 Rxb1 48. g6 Rg1 49. Kf5 Kb5 50. Kf6 Kc5 51. g7 Kd6 52. Kf7
Rf1+ 53. Ke8 Rg1 54. Kf8 Ke6 55. g8=Q+ Rxg8+ 56. Kxg8 1/2-1/2

[Event "Euro Online U2300 Day 2"]
[Site "chess.com INT"]
[Date "2020.05.26"]
[Round "1"]
[White "Papakonstantinou, Dimitrios1"]
[Black "Yanev, Pavel"]
[Result "0-1"]
[WhiteElo "2250"]
[BlackElo "2267"]
[WhiteFideId "4218655"]
[BlackFideId "2910756"]
[EventDate "2020.05.26"]

1. e4 c5 2. Nf3 Nc6 3. d4 cxd4 4. Nxd4 e5 5. Nb5 d6 6. c4 Be6 7. N1c3 a6 8. Na3
Nf6 9. Be2 Nd4 10. O-O Rc8 11. Be3 Nxe2+ 12. Qxe2 Be7 13. h3 O-O 14. Rfd1 Qa5
15. Rac1 Qb4 16. Nd5 Nxd5 17. cxd5 Bd7 18. f3 h6 19. Qd2 Qxd2 20. Bxd2 f5 21.
Rxc8 Rxc8 22. Rc1 Rxc1+ 23. Bxc1 b5 24. b4 f4 25. Bd2 g5 26. Nc2 h5 27. Be1 g4
28. hxg4 hxg4 29. Bf2 Bd8 30. Ba7 Kf7 31. Ne1 Ke8 32. Nd3 Bc7 33. Kf1 Kd8 34.
Ke2 Kc8 35. Bf2 Kb7 36. Kd2 Kc8 37. Ke2 Kd8 38. Ba7 Ke7 39. Bf2 Kf7 40. Ba7 Kg6
41. Bf2 Kh5 42. Kf1 Bc8 43. Kg1 gxf3 44. g3 fxg3 45. Bxg3 Kg4 46. Bf2 Bd7 47.
Ba7 Be8 48. Be3 Bg6 49. Nf2+ Kh4 50. Kh2 Bd8 51. a3 Be7 52. Bd2 Kh5 53. Kh3 Bh4
54. Ng4 Bxe4 55. Be3 Bf5 0-1

[Event "Euro Online U2300 Day 2"]
[Site "chess.com INT"]
[Date "2020.05.26"]
[Round "1"]
[White "Manukyan, Sargis A."]
[Black "Bayramov, Zaur"]
[Result "1/2-1/2"]
[WhiteTitle "FM"]
[BlackTitle "FM"]
[WhiteElo "2244"]
[BlackElo "2357"]
[WhiteFideId "13303970"]
[BlackFideId "13405080"]
[EventDate "2020.05.26"]

1. d4 Nf6 2. c4 c5 3. d5 e6 4. Nc3 exd5 5. cxd5 d6 6. Nf3 a6 7. a4 g6 8. g3 Bg7
9. Bg2 O-O 10. O-O Re8 11. Nd2 Nbd7 12. Nc4 Nb6 13. Na3 Rb8 14. a5 Nbd7 15. Nc4
Ne5 16. Nxe5 Rxe5 17. f4 Re8 18. h3 b5 19. axb6 Rxb6 20. e4 Rb4 21. Re1 Bb7 22.
Kh2 Nd7 23. Ra4 Nb6 24. Rxb4 cxb4 25. Na4 a5 26. Nxb6 Qxb6 27. Qa4 Rc8 28. Be3
Bd4 29. Bxd4 Qxd4 30. Qd7 Qb6 31. f5 Qc7 32. Qxc7 Rxc7 33. f6 Kf8 34. Kg1 Rc2
35. Ra1 Rc5 36. Bf1 Ke8 37. b3 Kd8 38. Bc4 Kc7 39. Kf2 Bc8 40. g4 Bd7 41. Ke3 a4
42. Kd4 Ra5 43. g5 a3 44. h4 Bb5 45. e5 dxe5+ 46. Kc5 Bxc4+ 47. Kxc4 Kd6 48.
Kxb4 Rxd5 49. Rxa3 Rd4+ 50. Kc3 Rxh4 51. Ra7 Rg4 52. Rxf7 Rxg5 53. Rxh7 Rf5 54.
f7 Ke7 55. Rg7 g5 56. b4 Kf8 57. Rh7 e4 58. Kd4 e3 59. Kxe3 Rb5 60. Ke4 Rxb4+
61. Kf5 Rb5+ 62. Kg6 Rb6+ 63. Kxg5 Rb5+ 64. Kf6 Rb6+ 65. Ke5 Rb5+ 66. Kd6 Rb6+
67. Kc7 Rf6 68. Kd7 Rxf7+ 69. Rxf7+ Kxf7 1/2-1/2

[Event "Euro Online U2300 Day 2"]
[Site "chess.com INT"]
[Date "2020.05.26"]
[Round "1"]
[White "Pham, Khoi"]
[Black "Mica, Marek"]
[Result "1-0"]
[BlackTitle "FM"]
[WhiteElo "2048"]
[BlackElo "2324"]
[WhiteFideId "1054988"]
[BlackFideId "382884"]
[EventDate "2020.05.26"]

1. d4 Nf6 2. c4 e6 3. Nc3 c5 4. d5 exd5 5. cxd5 d6 6. Nf3 g6 7. Bf4 a6 8. a4 Nh5
9. Bg5 Be7 10. Bh6 Bf6 11. h3 Ng7 12. e3 O-O 13. Be2 Re8 14. O-O Nd7 15. Bf4 Ne5
16. Nd2 g5 17. Bh2 Bf5 18. g4 Bd3 19. Bxe5 Bxe2 20. Bxf6 Bxd1 21. Bxd8 Bxg4 22.
hxg4 Raxd8 23. Nde4 Re5 24. f4 gxf4 25. exf4 Re7 26. Rae1 Kh8 27. Nxd6 Rxe1 28.
Nxf7+ Kg8 29. Nh6+ Kf8 30. Rxe1 Rd6 31. Ne4 Rxh6 32. Nxc5 Rd6 33. Re5 b5 34. a5
Kf7 35. b4 Ne8 36. Ne4 Rd8 37. Kf2 Nc7 38. d6 Ne8 39. Re7+ Kg6 40. Kf3 Nxd6 41.
Re6+ Kf7 42. Rxd6 Rc8 43. Rxa6 Rc4 44. Ra7+ Ke6 45. f5+ Kd5 46. Rd7+ Ke5 47. Nc5
h5 48. Nd3+ Kf6 49. Rd6+ Kg5 50. Rg6+ Kh4 51. g5 Rg4 52. f6 Rg3+ 53. Ke4 Rg4+
54. Ke3 Rg3+ 55. Kd4 Rg4+ 56. Kc3 Rc4+ 57. Kd2 Rc6 58. Rg7 Re6 59. f7 Re7 60.
f8=Q Re3 61. Qf2+ Rg3 62. Qh2+ Rh3 63. Qf4# 1-0

[Event "Euro Online U2300 Day 2"]
[Site "chess.com INT"]
[Date "2020.05.26"]
[Round "1"]
[White "Skliarov, Viktor"]
[Black "Abdullayev, Azer"]
[Result "1/2-1/2"]
[WhiteTitle "IM"]
[WhiteElo "2376"]
[BlackElo "2039"]
[WhiteFideId "14106736"]
[BlackFideId "13403400"]
[EventDate "2020.05.26"]

1. e4 e5 2. Nc3 Nc6 3. Bc4 Nf6 4. d3 Bc5 5. a3 a6 6. h3 d6 7. Nge2 Be6 8. Nd5
Bxd5 9. exd5 Ne7 10. Bg5 Ng6 11. Ng3 h6 12. Bxf6 Qxf6 13. Ne4 Qe7 14. Nxc5 dxc5
15. O-O O-O 16. Qf3 Qd6 17. Rae1 Rad8 18. Qf5 Rfe8 19. g3 Qd7 20. Qh5 Qd6 21.
Re4 Nf8 22. f4 exf4 23. Rexf4 f6 24. Rg4 Kh8 25. Qf5 Re5 26. Qf2 b5 27. Bb3 Nh7
28. h4 Nf8 29. c4 Rde8 30. Bd1 Re3 31. Kh2 Qe5 32. Rf4 Rxd3 33. Bc2 Re3 34. Bd1
Rd3 35. Bc2 Re3 36. Bd1 bxc4 37. Rxc4 Qxd5 38. Rc3 Rxc3 39. bxc3 Qe5 40. c4 Rd8
41. Bc2 Qc3 42. Qf5 Rd2+ 43. Rf2 Rxf2+ 44. Qxf2 Qxc4 45. Qf5 Qd4 46. h5 Qd2+ 47.
Kh3 Qg5 48. Qf3 Qe5 49. Bf5 c4 50. g4 c5 51. Qa8 Qd6 52. Qc8 c3 53. Kg2 Kg8 54.
Kf3 Qd4 55. Be6+ Kh7 56. Qxf8 Qd3+ 57. Kf4 Qd4+ 58. Kf3 Qd3+ 59. Kf4 Qd4+ 60.
Kf3 1/2-1/2

[Event "Euro Online U2300 Day 2"]
[Site "chess.com INT"]
[Date "2020.05.26"]
[Round "1"]
[White "Dudin, Gleb"]
[Black "Samadov, Read"]
[Result "1-0"]
[WhiteTitle "FM"]
[BlackTitle "CM"]
[WhiteElo "2387"]
[BlackElo "2332"]
[WhiteFideId "34184934"]
[BlackFideId "13417444"]
[EventDate "2020.05.26"]

1. d4 Nf6 2. c4 e6 3. Nc3 Bb4 4. e3 O-O 5. Ne2 d5 6. a3 Be7 7. cxd5 exd5 8. Nf4
c6 9. Bd3 a5 10. O-O Na6 11. f3 c5 12. dxc5 Nxc5 13. Be2 Be6 14. Nb5 Qb6 15. Bd2
Bd7 16. a4 Ne6 17. Nxe6 fxe6 18. Qb3 Bc5 19. Rac1 Rfc8 20. Rc2 Bb4 21. Bxb4 Rxc2
22. Bxa5 Rxa5 23. Qxc2 Qxe3+ 24. Kh1 Ra8 25. Bd3 Rc8 26. Qd1 Nh5 27. Re1 Qc5 28.
Qd2 Nf6 29. Nd4 e5 30. Nb5 e4 31. fxe4 Bxb5 32. axb5 Ng4 33. h3 Qf2 34. Qe2 Qh4
35. Rf1 Nf6 36. exd5 Re8 37. Qf3 Re1 38. Bf5 Rxf1+ 39. Qxf1 Qd4 40. Be6+ Kh8 41.
Qc1 g6 42. Qh6 Qc5 43. Qf4 Kg7 44. Qe5 Qc1+ 45. Kh2 Qc5 46. b3 h5 47. Kg3 b6 48.
Kh2 h4 49. Qf4 Qc3 50. Qxh4 Qe5+ 51. Qg3 Qd4 52. Qf3 Qe5+ 53. Qg3 Qd4 54. h4 Ne4
55. Qf4 Qd3 56. Qf7+ Kh6 57. Qf8+ Kh7 58. Bg8+ Kh8 59. Bf7+ Kh7 60. Qg8+ Kh6 61.
Qxg6# 1-0

[Event "Euro Online U2300 Day 2"]
[Site "chess.com INT"]
[Date "2020.05.26"]
[Round "1"]
[White "Krallis, Christos"]
[Black "Plaksin, Igor"]
[Result "1-0"]
[WhiteElo "2284"]
[BlackElo "1868"]
[WhiteFideId "4298896"]
[BlackFideId "34182117"]
[EventDate "2020.05.26"]

1. d4 Nf6 2. c4 g6 3. Nc3 Bg7 4. e4 d6 5. f3 O-O 6. Nge2 e5 7. Bg5 exd4 8. Nxd4
a6 9. Qd2 c5 10. Nc2 Qa5 11. Be2 Nc6 12. O-O Nd4 13. Nxd4 cxd4 14. Nd5 Qxd2 15.
Bxd2 Nxd5 16. cxd5 f5 17. Bf4 d3 18. Bxd3 Bxb2 19. Rab1 Bd4+ 20. Kh1 fxe4 21.
fxe4 Bc5 22. e5 dxe5 23. Bxe5 Re8 24. Bg3 b5 25. Rbc1 Be3 26. Rc7 Bb6 27. Rc6
Ba5 28. d6 Bd7 29. Rcc1 Rac8 30. Rcd1 Bg4 31. Rb1 Rc3 32. Rb3 Rxb3 33. axb3 Re3
34. Bc2 Bb4 35. Bf4 Re1 36. Rxe1 Bxe1 37. h3 Bd7 38. Be4 Kf7 39. Bd5+ Kf6 40. g4
a5 41. Kg2 a4 42. bxa4 bxa4 43. Kf3 Bc3 44. g5+ Kf5 45. h4 Be5 46. Bc1 Bxd6 47.
Be4+ Ke6 48. h5 gxh5 49. Bxh7 Be7 50. g6 Bf6 51. Ba3 Bg7 52. Kg3 Kd5 53. Kh4 Bg4
54. Bg8+ Kd4 55. Bb2+ Ke4 56. Bxg7 Kf5 57. Bf7 a3 58. Ba1 1-0

[Event "Euro Online U2300 Day 2"]
[Site "chess.com INT"]
[Date "2020.05.26"]
[Round "1"]
[White "Gallasch, Jonas"]
[Black "Hasanagic, Alim"]
[Result "1/2-1/2"]
[BlackTitle "CM"]
[WhiteElo "2090"]
[BlackElo "2225"]
[WhiteFideId "16222474"]
[BlackFideId "14605198"]
[EventDate "2020.05.26"]

1. d4 d6 2. Nf3 f5 3. g3 Nf6 4. Bg2 g6 5. O-O Bg7 6. c4 O-O 7. Nc3 c6 8. Re1 h6
9. e4 fxe4 10. Nxe4 Nxe4 11. Rxe4 g5 12. Qe1 Rf7 13. h3 Bf5 14. Re3 Qd7 15. Kh2
Na6 16. Bd2 Raf8 17. Bc3 g4 18. Nh4 gxh3 19. Bf1 d5 20. f4 Nc7 21. Nxf5 Qxf5 22.
Bxh3 Qh5 23. c5 Nb5 24. Rd1 Kh8 25. a4 Nxc3 26. bxc3 b6 27. cxb6 axb6 28. Rb1 c5
29. Rxb6 cxd4 30. g4 dxe3 31. gxh5 Rxf4 32. Qxe3 e5 33. a5 d4 34. cxd4 exd4 35.
Qd3 Rf3 36. Qd1 Be5+ 37. Kg1 Rg3+ 38. Bg2 Kh7 39. Re6 Rfg8 40. Rxe5 Rxg2+ 41.
Kh1 R2g4 42. Qe1 Kh8 43. Re7 R4g5 44. Qe2 d3 45. Qb2+ R8g7 46. Rxg7 Rxg7 47. a6
Kh7 48. Qd2 Rd7 49. a7 Rxa7 50. Qxd3+ Kh8 51. Qd4+ Rg7 52. Kh2 Kh7 53. Kh3 Rg5
54. Kh4 Rg7 55. Qe4+ Kh8 56. Qe8+ Kh7 57. Qe6 Rg8 58. Qf6 Rg7 59. Qf5+ Kh8 60.
Qg6 Rxg6 61. hxg6 Kg8 62. Kg4 Kf8 63. Kh5 Kg7 64. Kg4 Kxg6 65. Kh4 h5 66. Kh3
Kh6 67. Kh2 Kg5 68. Kh3 h4 69. Kh2 Kg4 70. Kh1 h3 71. Kg1 Kg3 72. Kh1 h2 1/2-1/2

[Event "Euro Online U2300 Day 2"]
[Site "chess.com INT"]
[Date "2020.05.26"]
[Round "1"]
[White "Galiana Fernandez, Adrian"]
[Black "Burdalev, Kirill"]
[Result "1-0"]
[WhiteTitle "FM"]
[BlackTitle "FM"]
[WhiteElo "2260"]
[BlackElo "2394"]
[WhiteFideId "32010150"]
[BlackFideId "14121913"]
[EventDate "2020.05.26"]

1. e4 e6 2. d4 d5 3. Nc3 Bb4 4. e5 Qd7 5. Qg4 f5 6. Qg3 b6 7. h4 Ba6 8. Bxa6
Nxa6 9. Nh3 Nb8 10. Nf4 Nc6 11. O-O O-O-O 12. a3 Bf8 13. Be3 Na5 14. Nb1 Ne7 15.
Nd2 Rg8 16. b4 Nc4 17. Nxc4 dxc4 18. d5 Nxd5 19. Rfd1 Qc6 20. Qf3 Be7 21. b5 Qd7
22. a4 g5 23. hxg5 Bxg5 24. Nxd5 exd5 25. Bxg5 Rxg5 26. Rd4 Rg4 27. c3 Qe6 28.
a5 Kb8 29. Rad1 Rxd4 30. cxd4 Rg8 31. a6 Rg4 32. Qa3 Rg8 33. Rc1 Kc8 34. Rc3 f4
35. Rh3 Qg4 36. Qf3 Qxf3 37. Rxf3 Rf8 38. g3 Kd7 39. Kf1 Ke7 40. gxf4 Ke6 41.
Ke2 Kf5 42. Rh3 Rf7 43. Ke3 Kg4 44. Rg3+ Kf5 45. Rg5+ Ke6 46. Rh5 c3 47. Rh6+
Kf5 48. f3 c2 49. Rc6 h5 50. Rxc2 h4 51. Rg2 Rh7 52. Rg5+ Ke6 53. f5+ Ke7 54.
f6+ Kf7 55. Rg2 h3 56. Rh2 Rh4 57. f4 Ke6 58. Kf3 Rh8 59. Kg4 c5 60. bxc6 b5 61.
f5+ Kf7 62. Rxh3 Rxh3 63. Kxh3 b4 64. c7 b3 65. c8=Q b2 66. Qd7+ 1-0

[Event "Euro Online U2300 Day 2"]
[Site "chess.com INT"]
[Date "2020.05.26"]
[Round "1"]
[White "Kocheev, Aleksandr"]
[Black "Kormos, Adam"]
[Result "1/2-1/2"]
[WhiteElo "2315"]
[BlackElo "2279"]
[WhiteFideId "13507842"]
[BlackFideId "730483"]
[EventDate "2020.05.26"]

1. e4 d6 2. d4 Nf6 3. Nc3 g6 4. Bg5 c6 5. e5 Nd5 6. Ne4 dxe5 7. dxe5 Qc7 8. Nf3
Bg4 9. Ned2 Nd7 10. c4 N5b6 11. Bf4 Bg7 12. Qe2 O-O 13. Bg3 e6 14. Qe3 Nc8 15.
Be2 Ne7 16. Bd3 Rad8 17. O-O Qb6 18. Qxb6 axb6 19. Bc2 Nxe5 20. Nxe5 Rxd2 21.
Rac1 Bf5 22. Bb3 Rxb2 23. Nd7 Rd8 24. Rfd1 c5 25. Nf6+ Bxf6 26. Rxd8+ Kg7 27.
Rd7 Nc6 28. Rxb7 Nd4 29. Bd1 Bg5 30. Be5+ Bf6 31. Bxf6+ Kxf6 32. a4 Be4 33. Rb8
Nc6 34. Rh8 Ne5 35. f3 Bd3 36. Rxh7 Nxc4 37. f4 Ne3 38. Bf3 c4 39. g4 Ra2 40.
Rh8 Rxa4 41. Kf2 Nd5 42. Bxd5 exd5 43. Ke3 Ra2 44. g5+ Kf5 45. Rf8 Re2+ 46. Kd4
Re4+ 47. Kxd5 Kxf4 48. Rxf7+ Kxg5 49. Rg1+ Rg4 50. Rxg4+ Kxg4 51. Kd4 g5 52. Rf6
Kh3 53. Rh6+ Kg2 54. Kc3 g4 55. Kb4 Kg1 56. Rh4 Be2 57. Rh8 Kg2 58. Rh6 g3 59.
hxg3 Kxg3 60. Rxb6 Kf4 61. Kc3 Bd3 62. Kd4 Kf3 63. Rf6+ Ke2 64. Rf8 Kd2 65. Rc8
Ke2 66. Kc3 Ke3 67. Re8+ Kf4 68. Kd4 Kf3 69. Re7 Kf2 70. Kc3 Kf3 71. Kd2 Kf4 72.
Rf7+ Ke5 73. Ke3 Kd5 74. Rg7 Kc5 75. Rg5+ Kb4 76. Kd4 Kb3 77. Rg7 Kc2 78. Rg2+
Kb3 79. Ke3 Kb4 80. Kd2 Kc5 81. Kc3 Kd5 82. Rg4 Ke5 83. Kd2 Kd5 84. Rg5+ Ke4 85.
Rh5 Kd4 86. Rh4+ Ke5 87. Kc3 Kd5 88. Rh5+ Ke4 89. Rh4+ Kd5 90. Rd4+ Ke5 91. Rd8
Ke4 92. Re8+ Kd5 93. Re7 Kd6 94. Re1 Kd5 95. Ra1 Ke4 96. Ra5 Kf4 97. Rd5 Ke4 98.
Rd4+ Ke5 99. Rxd3 cxd3 100. Kxd3 1/2-1/2

[Event "Euro Online U2300 Day 2"]
[Site "chess.com INT"]
[Date "2020.05.26"]
[Round "1"]
[White "Thorsbro, Peter"]
[Black "Gheorghiu, Calin"]
[Result "1/2-1/2"]
[BlackTitle "FM"]
[WhiteElo "2144"]
[BlackElo "2283"]
[WhiteFideId "1406671"]
[BlackFideId "1200305"]
[EventDate "2020.05.26"]

1. d4 Nf6 2. Bf4 d5 3. e3 e6 4. Nf3 Bd6 5. Bg3 O-O 6. Nbd2 b6 7. Bd3 Bb7 8. c3
Ne4 9. Ne5 Nd7 10. Nxd7 Qxd7 11. Bxd6 Qxd6 12. O-O c5 13. Qc2 Nxd2 14. Qxd2 e5
15. Rfe1 e4 16. Bf1 Rad8 17. a4 a6 18. Rec1 c4 19. b3 cxb3 20. Qb2 f5 21. Qxb3
f4 22. c4 fxe3 23. fxe3 dxc4 24. Bxc4+ Kh8 25. Rf1 Qh6 26. Rxf8+ Rxf8 27. Rf1
Rxf1+ 28. Bxf1 Qf6 29. Qb4 a5 30. Qc4 g6 31. Qc7 Bd5 32. Bb5 Qg5 33. Qf4 Qxf4
34. exf4 e3 35. Kf1 Kg7 36. Ke2 Bxg2 37. Kxe3 Kf6 38. Bc4 Bc6 39. Bb3 b5 40. d5
Bd7 41. axb5 Bxb5 42. Kd4 a4 43. Ba2 Kf5 44. Kc5 Be8 45. Kd6 Kxf4 46. Ke7 Bb5
47. d6 g5 48. Bc4 Bc6 49. Bd5 Bb5 50. Bc4 a3 51. Bxb5 a2 52. d7 a1=Q 53. d8=Q
Qe5+ 54. Kf7 Qxb5 55. Qd2+ Kg4 56. Qg2+ Kf5 57. Qh3+ Ke5 58. Qxh7 Qd7+ 59. Kg6
Qf5+ 60. Kh6 Qxh7+ 61. Kxh7 Kf4 62. Kh6 Kg4 63. Kg6 Kh4 64. Kf5 g4 65. Kf4 Kh3
66. Kg5 Kxh2 67. Kxg4 1/2-1/2

[Event "Euro Online U2300 Day 2"]
[Site "chess.com INT"]
[Date "2020.05.26"]
[Round "1"]
[White "Ponce Cano, Adrian"]
[Black "Rajkovic, Dusan"]
[Result "1/2-1/2"]
[WhiteTitle "FM"]
[BlackTitle "GM"]
[WhiteElo "2169"]
[BlackElo "2267"]
[WhiteFideId "22296913"]
[BlackFideId "900265"]
[EventDate "2020.05.26"]

1. e4 c5 2. Nf3 g6 3. c3 Nf6 4. Qc2 d6 5. d4 cxd4 6. cxd4 Bg7 7. Nc3 O-O 8. h3
Nc6 9. Be3 Bd7 10. Be2 Rc8 11. O-O Na5 12. Nd2 b5 13. a3 a6 14. b4 Nc6 15. Nb3
Ne8 16. Rfc1 e5 17. Qd2 exd4 18. Nxd4 Nxd4 19. Bxd4 Nf6 20. Rd1 Be6 21. Rac1 Re8
22. f3 Bb3 23. Re1 Bc4 24. Bxc4 Rxc4 25. Ne2 d5 26. e5 Nd7 27. f4 f6 28. Rxc4
dxc4 29. exf6 Nxf6 30. Qb2 Nh5 31. Bxg7 Nxg7 32. Qc3 Nf5 33. Nc1 Rxe1+ 34. Qxe1
Qd4+ 35. Qf2 Kf7 36. Ne2 Qxf2+ 37. Kxf2 Ke6 38. g4 Ne7 39. Ke3 Nc6 40. Nc3 h6
41. Ke4 Kd6 42. f5 gxf5+ 43. Kxf5 Ne7+ 44. Ke4 Ke6 45. h4 Ng6 46. h5 Ne7 47. Ne2
Nd5 48. Nd4+ Kd6 49. Nf5+ Ke6 50. Nd4+ Kd6 51. Nf5+ Ke6 52. Nxh6 Nf6+ 53. Kd4
Kd7 54. Kc3 Ke6 55. Kd4 Kd7 56. a4 Ke6 57. axb5 axb5 58. Kc3 Nd5+ 59. Kd4 Nxb4
60. g5 Nc6+ 61. Kc3 Ne5 62. g6 Nxg6 63. hxg6 Kf6 64. Nf5 Kxg6 65. Nd6 Kg5 66.
Nxc4 Kf4 67. Kb4 bxc4 68. Kxc4 1/2-1/2

[Event "Euro Online U2300 Day 2"]
[Site "chess.com INT"]
[Date "2020.05.26"]
[Round "1"]
[White "Klimkowski, Jan"]
[Black "Marn, Jan"]
[Result "1-0"]
[BlackTitle "FM"]
[WhiteElo "2193"]
[BlackElo "2360"]
[WhiteFideId "21856222"]
[BlackFideId "14619245"]
[EventDate "2020.05.26"]

1. e4 e5 2. Nf3 Nc6 3. Bb5 a6 4. Ba4 Nf6 5. O-O Be7 6. Re1 b5 7. Bb3 d6 8. c3
O-O 9. h3 Na5 10. Bc2 c5 11. d4 Qc7 12. Nbd2 cxd4 13. cxd4 Nc6 14. Nf1 Nxd4 15.
Nxd4 exd4 16. Ng3 Re8 17. Bf4 Bf8 18. Rc1 Qb6 19. Qd3 Bb7 20. Rcd1 Rac8 21. Bb1
g6 22. Qxd4 Qxd4 23. Rxd4 d5 24. Bg5 Nxe4 25. Bxe4 Bg7 26. Rd2 dxe4 27. Be3 Red8
28. Red1 Rxd2 29. Rxd2 f5 30. Ne2 Bf6 31. b3 Rd8 32. Rc2 Rd7 33. g3 Kf7 34. Nf4
g5 35. Ne2 Ke6 36. Kh2 h5 37. h4 gxh4 38. Nf4+ Kf7 39. Nxh5 Be5 40. Nf4 hxg3+
41. fxg3 Kf6 42. Kg2 Bxf4 43. Bxf4 Rd1 44. Kf2 Rd3 45. Rc7 Bd5 46. Ra7 Rc3 47.
Rxa6+ Be6 48. Bd2 Rc2 49. Ke3 Ke5 50. Ra5 Bd7 51. a4 Rc5 52. Bb4 Rd5 53. Bc3+
Ke6 54. Ra6+ Kf7 55. Bd4 bxa4 56. bxa4 Ke7 57. Ra7 Ke6 58. a5 Rb5 59. Kf4 Rb3
60. Be3 Ra3 61. Ra6+ Kd5 62. Ra8 Kc4 63. Rd8 Be6 64. Rd4+ Kb5 65. Rd6 Bc8 66.
Rd8 Be6 67. Re8 Bc4 68. Re5+ Kb4 69. Bc5+ Kb3 70. Bxa3 Kxa3 71. Rxf5 Ka4 72. Re5
Bb5 73. Kxe4 1-0

[Event "Euro Online U2300 Day 2"]
[Site "chess.com INT"]
[Date "2020.05.26"]
[Round "1"]
[White "Manukyan, Artyom"]
[Black "Grigoryan, Aram"]
[Result "1/2-1/2"]
[WhiteElo "2148"]
[BlackElo "1996"]
[WhiteFideId "13305786"]
[BlackFideId "13310542"]
[EventDate "2020.05.26"]

1. e4 e6 2. d4 d5 3. Bd3 c5 4. exd5 exd5 5. Nf3 Nc6 6. O-O c4 7. Be2 Bd6 8. b3
cxb3 9. axb3 Nf6 10. c4 h6 11. Nc3 O-O 12. h3 b6 13. Nb5 Bb8 14. Bb2 Bf5 15. Ne5
Qc8 16. Bf3 Be4 17. Re1 Re8 18. Rc1 Nxe5 19. dxe5 Bxe5 20. Bxe5 Rxe5 21. cxd5
Qd7 22. Nc3 Rae8 23. Qd4 Qf5 24. Nxe4 Nxe4 25. Bg4 Rxd5 26. Bxf5 Rxd4 27. Rc7 g6
28. Bd7 Re7 29. Rc8+ Kg7 30. Bc6 Kf6 31. Ra8 Nc5 32. Rxe7 Kxe7 33. Rxa7+ Kf8 34.
Ra8+ Kg7 35. Rb8 Rd6 36. Ba4 h5 37. g3 Nxa4 38. bxa4 Rd4 39. Ra8 Rb4 40. Ra7 Kf6
41. h4 Ke6 42. Kg2 f6 43. Ra6 Kf5 44. a5 Ra4 45. Rxb6 Rxa5 46. Rc6 g5 47. hxg5
fxg5 48. Rc8 Kg6 49. Rc6+ Kf5 50. Rb6 Re5 51. Rb3 g4 52. Rb4 Kg5 53. Rb6 Rf5 54.
Ra6 Re5 55. Ra8 Rf5 56. Rg8+ Kh6 57. Ra8 Kg5 58. Ra4 h4 59. gxh4+ Kxh4 60. f3
Rxf3 61. Rb4 Rg3+ 62. Kh2 Rd3 63. Kg2 Rd2+ 64. Kg1 Kg3 65. Rb3+ Kh4 66. Ra3 Rd4
67. Rb3 Rf4 68. Ra3 Rb4 69. Rc3 Rb1+ 70. Kg2 Rb2+ 71. Kg1 g3 72. Rc8 Kg4 73.
Rg8+ 1/2-1/2

[Event "Euro Online U2300 Day 2"]
[Site "chess.com INT"]
[Date "2020.05.26"]
[Round "1"]
[White "Krayz, Alexander"]
[Black "Randazzo, Adrian"]
[Result "1-0"]
[WhiteTitle "IM"]
[BlackTitle "FM"]
[WhiteElo "2350"]
[BlackElo "2293"]
[WhiteFideId "2802066"]
[BlackFideId "114251"]
[EventDate "2020.05.26"]

1. e4 c5 2. Nf3 d6 3. Bb5+ Bd7 4. Bxd7+ Nxd7 5. O-O Ngf6 6. Re1 e6 7. c3 Be7 8.
d3 O-O 9. Bg5 Rc8 10. Nbd2 b5 11. Qe2 Re8 12. h3 a5 13. a4 b4 14. Nc4 Qc7 15.
Bf4 e5 16. Bg3 Rb8 17. Nfd2 g6 18. Qf3 Nh5 19. Bh2 Rf8 20. Ne3 Nb6 21. g4 Ng7
22. Qg2 Bg5 23. Ndc4 Bxe3 24. Nxe3 Kh8 25. f4 f5 26. exf5 gxf5 27. fxe5 f4 28.
Nd5 Nxd5 29. Qxd5 dxe5 30. Qxe5 Qd7 31. Bxf4 Qxd3 32. Qe3 Qxe3+ 33. Bxe3 bxc3
34. bxc3 Ne6 35. Rf1 Kg8 36. Bh6 Rfe8 37. Rae1 Ng7 38. Rxe8+ Rxe8 39. Rb1 Re6
40. Rb8+ Ne8 41. Bg5 Kf7 42. Rb5 h6 43. Bd8 Re3 44. Rxc5 Rxh3 45. Bxa5 Rg3+ 46.
Kh2 Rxg4 47. Bb4 Nf6 48. a5 Rg8 49. a6 Ra8 50. Ra5 Ke6 51. a7 Nd5 52. Ra6+ Kf7
53. Ba5 Ke8 54. c4 Ne7 55. Bb6 Nc8 56. Bd4 Kd7 57. Rxh6 Nxa7 58. Rh7+ Kc6 59.
Rxa7 Rd8 60. Bf2 Rd2 61. Kg3 Rd3+ 62. Kg2 Rc3 63. Ra6+ Kc7 64. c5 Kb7 65. Rf6
Kc7 66. Kf1 Kb7 67. Ke2 Rc2+ 68. Kd3 Rc1 69. Be3 Rd1+ 70. Kc4 Re1 71. Bd4 Kc7
72. Kd5 Rd1 73. Rf7+ Kd8 74. c6 Kc8 75. Kc5 Rc1+ 76. Kd6 Kb8 77. Rf8# 1-0

[Event "Euro Online U2300 Day 2"]
[Site "chess.com INT"]
[Date "2020.05.26"]
[Round "1"]
[White "Willow, Jonah B"]
[Black "Kharatyan, Roman"]
[Result "1-0"]
[WhiteTitle "FM"]
[WhiteElo "2386"]
[BlackElo "1984"]
[WhiteFideId "438804"]
[BlackFideId "13305220"]
[EventDate "2020.05.26"]

1. e4 d6 2. d4 Nf6 3. Nc3 g6 4. f4 Bg7 5. Nf3 O-O 6. Bd3 Nc6 7. e5 Ng4 8. O-O
Nb4 9. h3 Nh6 10. Bc4 c5 11. d5 f6 12. e6 Na6 13. g4 Nc7 14. a4 a6 15. a5 Rb8
16. Na4 Nb5 17. Nb6 Nd4 18. Nh2 Kh8 19. c3 Nb5 20. f5 gxf5 21. gxf5 Rg8 22. Kh1
Qe8 23. Be3 Nc7 24. Be2 Na8 25. Nxa8 Rxa8 26. Qd2 Qf8 27. Rf4 Rb8 28. b4 b6 29.
axb6 Rxb6 30. bxc5 dxc5 31. Bxc5 Rb3 32. Bc4 Rb8 33. Raf1 Bb7 34. Be3 Qd8 35.
Rh4 Rc8 36. Bb3 Qc7 37. Bxh6 Qg3 38. Bxg7+ Rxg7 39. Rg4 Rxg4 40. hxg4 Rxc3 41.
Ba2 Re3 42. Qf2 Qe5 43. Qf4 Bxd5+ 44. Bxd5 Qxd5+ 45. Kg1 Re2 46. Qf3 Qd2 47. Qg3
a5 48. g5 fxg5 49. f6 exf6 50. Qb8+ Kg7 51. Qc7+ Kg6 52. Qg3 Qd4+ 53. Kh1 Qd5+
54. Kg1 Qxe6 55. Nf3 h5 56. Nh4+ Kh6 57. Nf5+ Kg6 58. Qc7 h4 59. Qg7+ Kh5 60.
Qc7 h3 61. Qh2 g4 62. Ng3+ Kh4 63. Nxe2 Qb6+ 64. Qf2+ Qxf2+ 65. Kxf2 f5 66. Ra1
Kg5 67. Kg3 f4+ 68. Nxf4 1-0